Constitución Política de los Estados Unidos Mexicanos /

I tiakina i:
Ngā taipitopito rārangi puna kōrero
Kaituhi rangatōpū: México
Hōputu: Pukapuka
Reo:Pāniora
I whakaputaina: México : Partido Revolucionario Institucional, hacia 1975
Ngā Tūtohu: Tāpirihia he Tūtohu
Kāore He Tūtohu, Me noho koe te mea tuatahi ki te tūtohu i tēnei pūkete!

MARC

LEADER 00000nam^a2200000^a^4500
001 000436425
005 20250526000000.0
009 20260310123156.938
037 |a Acervo ITESO - Biblioteca 
041 |a ESP 
091 |a FHM. 08143 
110 |a México 
245 1 0 |a Constitución Política de los Estados Unidos Mexicanos / 
264 1 |a México :  |b Partido Revolucionario Institucional,  |c hacia 1975 
300 |a 88 p. ;  |c 20.5 cm. 
336 |a texto  |b txt  |2 rdacontenido 
337 |a sin mediación  |b n  |2 rdamedio 
338 |a volumen  |b nc  |2 rdasoporte 
649 |a XX 
910 |a Fondo Hugo B. Margáin 
920 |a Impresos - Libros 
930 |a Libros Antiguos y Raros 
905 |a 126 
901 |a 0500303689  |b IT2  |c LRA  |i D113316  |u 20250526 
901 |a 0500303742  |b IT2  |c LRA  |i D113315  |u 20250526 
902 |a https://opac.biblio.iteso.mx/vufind/Record/000436425